[Event "Centelles op B"]
[Site "Centelles"]
[Date "1996.09.28"]
[Round "4"]
[White "Matavacas Bayes, Miquel"]
[Black "Abreu Guerrero, J Antoni"]
[Result "0-1"]
[WhiteElo "1835"]
[BlackElo "1910"]
[PlyCount "40"]
[EventDate "1996.09.07"]
[EventType "swiss"]
[EventRounds "8"]
[EventCountry "ESP"]
[SourceTitle "EXT 2003"]
[Source "ChessBase"]
[SourceDate "2002.11.25"]
[SourceVersion "1"]
[SourceVersionDate "2002.11.25"]
[SourceQuality "1"]

1. e4 e5 2. Nf3 Nc6 3. Bc4 Be7 4. d4 exd4 5. Nxd4 Bc5 6. Nxc6 Qf6 7. 0-0 Qxc6 8. Qd3 Ne7 9. Nc3 0-0 10. Bf4 Ng6 11. Bb5 Nxf4 12. Bxc6 Nxd3 13. Bxb7 Bxb7 14. cxd3 Rab8 15. Rfd1 Bc6 16. Rd2 Bd4 17. Rc1 f5 18. Nd1 fxe4 19. dxe4 Be5 20. f3 Bf4 0-1

[Event "Centelles op B"]
[Site "Centelles"]
[Date "1996.09.21"]
[Round "3"]
[White "Bella Redondo, Xavier"]
[Black "Matavacas Bayes, Miquel"]
[Result "1/2-1/2"]
[WhiteElo "1910"]
[BlackElo "1835"]
[PlyCount "61"]
[EventDate "1996.09.07"]
[EventType "swiss"]
[EventRounds "8"]
[EventCountry "ESP"]
[SourceTitle "EXT 2003"]
[Source "ChessBase"]
[SourceDate "2002.11.25"]
[SourceVersion "1"]
[SourceVersionDate "2002.11.25"]
[SourceQuality "1"]

1. e4 c5 2. Nf3 d6 3. d4 cxd4 4. Nxd4 Nc6 5. Nc3 a6 6. Be2 g6 7. Be3 Bg7 8. Qd2 Bd7 9. 0-0-0 Nf6 10. f3 0-0 11. g4 Ne5 12. h4 b5 13. h5 Nc4 14. Bxc4 bxc4 15. Nf5 Bxf5 16. gxf5 Nxh5 17. Rxh5 gxh5 18. Rg1 f6 19. Bh6 Rf7 20. Qd5 Kf8 21. Qxf7+ Kxf7 22. Rxg7+ Kf8 23. Nd5 Ke8 24. Rg8+ Kd7 25. Rxd8+ Rxd8 26. Nb6+ Kc6 27. Nxc4 Rg8 28. Ne3 Rg3 29. Nd5 Kd7 30. Kd2 h4 31. Bf4 1/2-1/2